000 00644nam a2200217Ii 4500
003 JO-AjNU
008 230606s9999||||xx |||||||||||||| ||und||
020 _a978-1-4665-5337-8
040 _aJO-AjNU
_beng
_erda
_cJO-AjNU
041 _aeng
050 1 4 _aTD434.S64 2013
100 3 _aSpellman, Frank ,
_eauthor
_94935
245 0 0 _aWater and Wast water Treament plant operation
250 _a3 ed
264 3 1 _aNew York :CRC press ,2013
300 _a868p
336 _atext
_btxt
_2rdacontent
337 _aunmediated
_bn
_2rdamedia
338 _avolume
_bnc
_2rdacarrier
650 4 _aWater and Wast water Treament plant operation
_94936
999 _aE2553
_c2551
_d2551